| 000 | 00427cam a2200169ua 4500 | ||
|---|---|---|---|
| 003 | OSt | ||
| 008 | 250104b |||||||| |||| 00| 0 eng d | ||
| 020 | _a0-07-462186-6 | ||
| 041 | _aeng | ||
| 082 |
_a621.381 _bKAI/EL |
||
| 100 |
_aKaisi, H S . _96747 |
||
| 245 | _aElectronic instrumentation / | ||
| 250 | _a1 / | ||
| 260 |
_aNew Delhi : _bTata Mc-Graw Hill Publishing Company , _c1995. |
||
| 300 | _a631 ; . | ||
| 942 | _cBK | ||
| 999 |
_c1990 _d1990 |
||